000 01558nam a2200373Ia 4500
001 vtls003197430
003 MY-SjTCS
005 20200306170048.0
006 m u
007 cr cn|||||||||
008 100712s1995 enk sb 001 0 eng d
020 _z0203453565
020 _z0750704136 (pkb)
020 _z0750704136
035 _a(CaPaEBR)ebr10058250
039 9 _y201007121714
_zVLOAD
040 _aCaPaEBR
_cCaPaEBR
050 1 4 _aLB1775
_b.W43 1995eb
100 1 _aWeber, Sandra.
_9278200
245 1 0 _aThat's funny, you don't look like a teacher!
_h[electronic resource] :
_binterrogating images and identity in popular cultures /
_cSandra Weber and Claudia Mitchell.
260 _aLondon ;
_aWashington D.C. :
_bFalmer Press,
_c1995.
300 _axii, 156 p.
504 _aIncludes bibliographical references and index.
520 _aHow children and popular culture perceive the teacher.
529 _aTSLHHL
533 _aElectronic reproduction.
_bPalo Alto, Calif. :
_cebrary,
_d2009.
_nAvailable via World Wide Web.
_nAccess may be limited to ebrary affiliated libraries.
650 0 _aTeachers
_xPublic opinion.
_9278201
650 0 _aChildren
_xAttitudes.
_9278202
650 0 _aStudents
_xAttitudes.
_9278203
655 7 _aElectronic books.
_2local
_9201578
700 1 _aMitchell, Claudia.
_927778
710 2 _aebrary, Inc.
_925628
856 4 0 _uhttps://ezproxy.taylors.edu.my/login?url=http://site.ebrary.com/lib/taylorscollege/Doc?id=10058250
_zAn electronic book accessible through the World Wide Web; click to view
999 _c59955